Responses for Show #659 - Thursday, June 18, 1987

Bob Verini game 1.

Contestants

[<< previous game]

Kathleen Haider, a computer designer from Escondido, California

Bob Verini, a playwright and actor from New York City, New York

Marty Gertsman, a retail manager originally from Brooklyn, New York (whose 1-day cash winnings total $15,000)

[next game >>]

Jeopardy! Round responses

ANIMALS
MUSICAL MEMORIES
KITCHEN FIRSTS
SOUTH AFRICA
THE CIVIL WAR
"BEAN" BAG
    $100 14
a cow

Kathleen
    $100 8
simply because you're near me

Bob
    $100 13
(Marty: What is tomato?)
(Bob: What is vegetable soup?)

chicken noodle

MartyBobKathleen
    $100 4
diamonds

Bob
    $100 19
1861

Bob
    $100 1
the beanstalk

Marty
    $200 15
the Loch Ness Monster

Kathleen
    $200 9
the second time around

Bob
    $200 5
capitals

Bob
    $200 20
slavery

Marty
    $200 2
(Bob: What is someone from Beantown?)

a Beantowner

Bob
Triple Stumper
    $300 16
(Bob: What is 2?)

3 (the cat, the cow & the dog)

MartyBob
    $300 10
"Apple Blossom Time"

Bob
    $300 12
English & Afrikaans

Kathleen
    $300 21
(Kathleen: Who is Grant?)

(William Tecumseh) Sherman

BobKathleen
    $300 3
jelly beans

Bob
    $400 17
(Kathleen: What are incisors?)

canine teeth or eye teeth

Kathleen
Triple Stumper
    $300 11
(Alex: The song was "Sing, Sing, Sing".)

Benny Goodman

Bob
    $400 22
(Bob: What is Ohio?)

Canada

Bob
Triple Stumper
    $400 6
spilled the beans

Marty
    $500 18
(Bob: What is the Playboy Bunny?)
(Kathleen: Who is Miss Piggy?)

Koko the gorilla

BobKathleen
Triple Stumper
    $500 24
"Too Ra Loo Ra Loo Ral"

Bob
    $500 25
(Marty: What is go elsewhere?)
(Kathleen: What is go in?)
...
(Alex: Bob doesn't want to try it.)
(Bob: Let me tell you something, I'm not going to try it.)
(Alex: Let me give it to you, we caught you on that one, "here" means "men".)
(Bob: I'd go in.)
(Alex: You'd go in and if Kathleen went in, there'd be a lot of trouble. Bob, select again.)
[The end-of-round signal sounds.]

"here" means "men"; going in or elsewhere would be dependent on one's gender

MartyKathleen
Triple Stumper
    $500 23
habeas corpus

Bob
    $500 7
Orson Bean

Marty

Scores at the first commercial break (after clue 11):

Marty Bob Kathleen
$1,000 $1,300 $0

Scores at the end of the Jeopardy! Round:

Marty Bob Kathleen
$900 $1,400 -$1,000

Double Jeopardy! Round responses

LABOR UNIONS
OLD TESTAMENT
UTENSILS
VITAMINS
PRESIDENTIAL TRIVIA
EARLY KIDS' TV
    $200 21
(Bob: What are layoffs?)

a lockout

MartyBob
    $200 18
he shall fall into it

Triple Stumper
    $200 10
(Marty: What is mash?)

a masher

MartyBob
    $200 1
D

Kathleen
    $200 8
(Kathleen: What is karate?)

judo

BobKathleen
    $200 3
Mary Martin

Bob
    $400 23
a featherbed

Marty
    $400 19
swords

Bob
    $400 13
forks

Bob
    $400 2
turnip greens

Marty
    $400 9
Jefferson

Kathleen
    $400 4
(Kathleen: What is My Friend Flicka

Fury

BobKathleen
    $600 24
the International Ladies' Garment Workers' Union

Bob
    $600 22
the handwriting on the wall

Triple Stumper
    $600 16
tongs

Bob
    $600 12
(Bob: What is vitamin E?)

A

Bob
Triple Stumper
    $600 11
(Dwight David) Eisenhower

Kathleen
    $600 5
Froggy (the Gremlin)

Marty
    $800 25
the United Mine Workers

Bob
    $1,000 27
What hath God wrought?

Bob
    $800 17
trowel

Marty
    $1,000 28
(Bob: What are vitamins B1, B12 & B3?)
(Alex: Sorry, I can't accept it. We were going for names, we were very specific. [*]. Those were the ones we were going for.)
[The end-of-round signal sounds.]

(3 of) thiamine, niacin, riboflavin, pantothenic acid, biotin, folic acid, pyridoxine & cyanocobalamin

Bob
    $800 14
Ulysses S. Grant (Hiram Ulysses Grant)

Bob
    $800 6
Pinky Lee

Marty
    $1000 26
(Alex: good for $1,000 more and we've got less than a minute to go.)

Lane Kirkland

Bob
    $1000 20
a stylus

Bob
    $1000 15
(Bob: What is Ronald Reagan's... uh... family song?)
[Audience laughter]
(Alex: Bob, not only are you wrong, but you went a long way for a very small payoff. Kathleen or Marty? Let me give it to you. Those are some of the lesser known lyrics of [*].)

"Hail To The Chief"

Bob
Triple Stumper
    $1000 7
The Children's Hour

Triple Stumper

Scores at the end of the Double Jeopardy! Round:

Marty Bob Kathleen
$3,900 $6,200 -$400

[wagering suggestions for these scores]

Final Jeopardy! Round responses

BUSINESS & INDUSTRY
MartyWhat is Hallmark
$3,900
BobWhat is Hallmark Cards?
$1,601
Hallmark

Final scores:

Marty Bob Kathleen
$7,800 $7,801 -$400
2nd place: a 6-piece Broyhill bedroom set & Waverly bed ensemble and drapes New champion: $7,801 3rd place: a GE gas range

Game dynamics:

Coryat scores:

Marty Bob Kathleen
$3,900 $7,100 -$400
11 R,
3 W
24 R
(including 2 DDs),
9 W
(including 1 DD)
7 R,
6 W

Combined Coryat: $10,600

[game clues] [game scores] [suggest correction]

Game tape date: Unknown
The J! Archive is created by fans, for fans. Scraping, republication, monetization, and malicious use prohibited; this site may use cookies and collect identifying information. See terms. The Jeopardy! game show and all elements thereof, including but not limited to copyright and trademark thereto, are the property of Jeopardy Productions, Inc. and are protected under law. This website is not affiliated with, sponsored by, or operated by Jeopardy Productions, Inc. Join the discussion at JBoard.tv.